| 000 | 00477nam a2200193Ia 4500 | ||
|---|---|---|---|
| 008 | 170918s9999 xx 000 0 und d | ||
| 020 | _a9780545292696 | ||
| 050 | _bC877 2009 | ||
| 100 | _aCox, Judy | ||
| 245 | _aPick a pumpkin, Mrs. Millie! / | ||
| 245 | _cJudy Cox ; illustrated by Joe Mathiew. | ||
| 260 | _aNew York : | ||
| 260 | _bScholastic, | ||
| 260 | _c2009 | ||
| 300 | _aunpaged : | ||
| 300 | _bcolored illustration ; | ||
| 300 | _c28cm. | ||
| 500 | _a290 | ||
| 999 |
_c341089 _d341089 |
||